Les Règles de la profession d'avocat (Record no. 37231)
[ view plain ]
| 000 -LEADER | |
|---|---|
| fixed length control field | 00669 a2200301 4500 |
| 037 ## - SOURCE OF ACQUISITION | |
| Source of stock number/acquisition | 3, WVSC |
| 037 ## - SOURCE OF ACQUISITION | |
| Source of stock number/acquisition | 1, Achat |
| 037 ## - SOURCE OF ACQUISITION | |
| Stock number | DE 9767 |
| 037 ## - SOURCE OF ACQUISITION | |
| Stock number | DE 9768 |
| 037 ## - SOURCE OF ACQUISITION | |
| Stock number | DE 9782 |
| 037 ## - SOURCE OF ACQUISITION | |
| Stock number | DE 7553 |
| 020 ## - NUMERO INTERNATIONAL NORMALISE DES LIVRES | |
| International Standard Book Number | 2-247-03388-1 |
| 100 ## - VEDETTE PRINCIPALE - NOM DE PERSONNE | |
| Personal name | Hamelin, Jacques |
| 100 ## - VEDETTE PRINCIPALE - NOM DE PERSONNE | |
| Language of a work | Fr |
| 260 ## - PUBLICATION, DISTRIBUTION, ETC. (IMPRINT) | |
| Place of publication, distribution, etc | Paris |
| 260 ## - PUBLICATION, DISTRIBUTION, ETC. (IMPRINT) | |
| Name of publisher, distributor, etc | Dalloz |
| 245 ## - TITLE STATEMENT | |
| Title | Les Règles de la profession d'avocat |
| 260 ## - PUBLICATION, DISTRIBUTION, ETC. (IMPRINT) | |
| Date of publication, distribution, etc | 2000 |
| 250 ## - EDITION STATEMENT | |
| Edition statement | 9e éd. |
| 300 ## - PHYSICAL DESCRIPTION | |
| Extent | 563 p. |
| 300 ## - PHYSICAL DESCRIPTION | |
| Other physical details | 26 cm |
| 630 ## - SUBJECT ADDED ENTRY--UNIFORM TITLE | |
| Uniform title | 34 - Droit. Jurisprudence. Legislation |
| 650 ## - SUBJECT ADDED ENTRY--TOPICAL TERM | |
| Topical term or geographic name as entry element | 3 - SCIENCES SOCIALES |
| 650 ## - SUBJECT ADDED ENTRY--TOPICAL TERM | |
| Topical term or geographic name as entry element | Avocat : déontologie |
| 700 ## - ADDED ENTRY--PERSONAL NAME | |
| Personal name | Damien, André |
| Withdrawn status | Lost status | Damaged status | Not for loan | Location (home branch) | Sublocation or collection (holding branch) | Date acquired | Koha issues (times borrowed) | Koha full call number | Koha date last seen | Price effective from | Koha item type |
|---|---|---|---|---|---|---|---|---|---|---|---|
| Bibliothèque Universitaire Centrale | Bibliothèque Universitaire Centrale | 28/02/2009 | 347.965.1 HAM | 28/02/2009 | 28/02/2009 | Livre |